Language Quiz

Random Language or Letter Quiz
Score 0/20 Timer 03:00
2 Plays Today
Hint FU Word % Correct
Mushrooms or athletes footFungus
98.8%
A ceremony for one that has recently diedFuneral
92.7%
Tomorrow or next yearFuture
92.5%
Table, chair, hutch or dresserFurniture
90%
A person who is fleeing from custodyFugitive
89.4%
Poker hand made up of a pair and three of a kindFull House
89.2%
A building in an amusement park that often features slides, mirrors and slanted floorsFun House
88.1%
A device used for heating buildingsFurnace
81.9%
Incapable of producing any useful result; pointlessFutile
81.1%
Position in both European and American FootballFullback
79.3%
Hint FU Word % Correct
They can be mink, fox or rabbitFur Coats
77.8%
Character that hunts Bugs BunnyElmer Fudd
75.5%
Support about which a lever pivotsFulcrum
68.3%
Style of music associated with George Clinton and Bootsy CollinsFunk
65.3%
1964 Broadway musical or 1968 Film which starred Barbra StreisandFunny Girl
53.9%
To or at a more distant place or timeFurther
53.4%
Band that featured Wyclef Jean, Lauryn Hill and Pras MichelFugees
42.2%
Actress who often starred with Frankie AvalonAnnette Funicello
38.1%
Man credited with inventing the steamboatRobert Fulton
37.9%
A vivid reddish purpleFuchsia
37.2%
Remove Ads.
Support Sporcle.
Get the best of Sporcle when you Go Orange. This ad-free experience offers more features, more stats, and more fun while also helping to support Sporcle. Thank you for becoming a member.

You're not logged in!

Compare scores with friends on all Sporcle quizzes.
OR
Log In

Show Comments

Extras

Top Quizzes Today


Score Distribution

Your Account Isn't Verified!

In order to create a playlist on Sporcle, you need to verify the email address you used during registration. Go to your Sporcle Settings to finish the process.

Report this User

Report this user for behavior that violates our Community Guidelines.

Details: